000 00595nam a22001457a 4500
020 _a0-7497-0756-9
082 _a823
_bBLY/A
100 _aENID BLYTON
245 _aAMELIA JANE IS NAUGHTY AGAIN
260 _aLONDON
_bMAMMOTH
_c1954
300 _a109
520 _aAMELIA JANE IS A VERY CLEVER AND BAD DOLL. SHE CAUSES CHAOS WITH A BOOMERANG, SCRIBBLES ALL OVER THE NURSERY WALLS, AND PLAYS HORRID TRICKS ON THE POOR TOYS. SOMETIMES THEY GET THEIR OWN BACK, AND AMELIA JANE PROMISES TO BEHAVE, BUT SHE JUST CANT STOP BEING NAUGHTY!
650 _aCHILDREN'S STORY BOOK
_zUNITED KINGDOM
942 _cBK
999 _c206
_d206